Moments together for couples: (Record no. 7096)

MARC details
000 -LEADER
fixed length control field 01061cam a2200289 a 4500
001 - CONTROL NUMBER
control field 2561650
003 - CONTROL NUMBER IDENTIFIER
control field GBCCL
005 - DATE AND TIME OF LATEST TRANSACTION
control field 20241126110619.0
008 - FIXED-LENGTH DATA ELEMENTS--GENERAL INFORMATION
fixed length control field 950808s1995 cau b 000 0 eng
010 ## -
-- 95037061
020 ## - INTERNATIONAL STANDARD BOOK NUMBER
International Standard Book Number 0830718567
040 ## - CATALOGING SOURCE
Original cataloging agency DLC
Transcribing agency DLC
Modifying agency DLC
050 00 -
-- BV4596.M3
-- R35 1995
082 00 - DEWEY DECIMAL CLASSIFICATION NUMBER
Classification number 242.644
Edition information 20
Item number RAI
100 1# - MAIN ENTRY--PERSONAL NAME
Personal name Rainey, Dennis,
Dates associated with a name 1948-
9 (RLIN) 5478
245 10 - TITLE STATEMENT
Title Moments together for couples:
Remainder of title Reproducible devotional handouts for your church, class or group/
Statement of responsibility, etc. Dennis and Barbara Rainey.
260 ## - PUBLICATION, DISTRIBUTION, ETC.
Place of publication, distribution, etc. Ventura, Calif. :
Name of publisher, distributor, etc. Regal Books,
Date of publication, distribution, etc. c1995.
300 ## - PHYSICAL DESCRIPTION
Extent 130 p
Dimensions 28 cm.
504 ## - BIBLIOGRAPHY, ETC. NOTE
Bibliography, etc. note Includes bibliographical references.
650 #0 - SUBJECT ADDED ENTRY--TOPICAL TERM
Topical term or geographic name entry element Spouses
Form subdivision Prayers and devotions.
9 (RLIN) 4437
650 #0 - SUBJECT ADDED ENTRY--TOPICAL TERM
Topical term or geographic name entry element Marriage
General subdivision Religious aspects
-- Christianity.
9 (RLIN) 295
650 #0 - SUBJECT ADDED ENTRY--TOPICAL TERM
Topical term or geographic name entry element Devotional calendars.
9 (RLIN) 1878
700 1# - ADDED ENTRY--PERSONAL NAME
Personal name Rainey, Barbara.
9 (RLIN) 5480
906 ## - LOCAL DATA ELEMENT F, LDF (RLIN)
a 7
b cbc
c orignew
d 1
e ocip
f 19
g y-gencatlg
942 ## - ADDED ENTRY ELEMENTS (KOHA)
Source of classification or shelving scheme Dewey Decimal Classification
Koha item type Books
Holdings
Withdrawn status Lost status Source of classification or shelving scheme Damaged status Not for loan Home library Current Library Shelving location Date acquired Total checkouts Full call number Barcode Date last seen Copy number Price effective from Koha item type
    Dewey Decimal Classification     GRACE BIBLE COLLEGE GRACE BIBLE COLLEGE Ministry & Mission 2018-07-09   242.644 RAI 010213 2025-05-01 c.1 2018-07-09 Books
    Dewey Decimal Classification     GRACE BIBLE COLLEGE GRACE BIBLE COLLEGE Ministry & Mission 2018-07-10   242.644 RAI 012955 2025-05-01 c.2 2018-07-10 Books
© Grace Bible College Library 2025